000 00315nam a2200133Ia 4500
008 191201s2009 xx 000 0 und d
100 _aGUPTA, Shashi K
245 0 _aFinancial Institutions and Markets
250 _arev.
260 _aN.Delhi
_bkalyani
_c2009
300 _a21.40
650 _aMBA
942 _2ddc
_cBK
999 _c4148
_d4148